Zufällige Autokennzeichen zu Städten zuordnen - Statistiken

Allgemein
  • Dieses Quiz wurde 113 mal gespielt
    10 seit der letzten Aktualisierung
  • Das Durchschnittsergebnis liegt bei 19 aus 20
Antwortstatistiken
Kennzeichen Stadt % Korrekt
AC Aachen
100%
AH Ahaus
100%
A Augsburg
100%
BT Bayreuth
100%
BI Bielefeld
100%
BN Bonn
100%
HB Bremen
100%
CO Coburg
100%
D Düsseldorf
100%
EMD Emden
100%
ER Erlangen
100%
E Essen
100%
FL Flensburg
100%
F Frankfurt am Main
100%
Göttingen
100%
HAL Halle (Saale)
100%
HAM Hamm
100%
HSK Hochsauerlandkreis
100%
KS Kassel
100%
KR Krefeld
100%
L Leipzig
100%
LEV Leverkusen
100%
LIP Lippe
100%
MD Magdeburg
100%
MK Märkischer Kreis
100%
M München
100%
MS Münster
100%
N Nürnberg
100%
OL Oldenburg
100%
PB Paderborn
100%
P Potsdam
100%
RE Recklinghausen
100%
R Regensburg
100%
HRO Rostock
100%
Tübingen
83%
WHV Wilhelmshaven
83%
NOR Norden
75%
IN Ingolstadt
67%
EN Ennepe-Ruhr-Kreis
40%
GR Görlitz
0%
Keine übereinstimmenden Quizze gefunden
Verteilung der Resultate
Anzahl Personen mit jedem Resultat
Perzentil nach korrekt beantworteten Fragen
Ihre Resultats-Entwicklung
Sie haben dieses Quiz seit der letzten Aktualisierung nicht gespielt